Beloved Bapu : (Record no. 90084)

MARC details
000 -LEADER
fixed length control field 00754nam a22002177a 4500
005 - DATE AND TIME OF LATEST TRANSACTION
control field 20141128151800.0
010 ## - LCCN (DPL NO)
LC control number ENG-111248
020 ## - INTERNATIONAL STANDARD BOOK NUMBER
International Standard Book Number 9788125056157
Terms of availability 950.00
035 ## - SYSTEM CONTROL NUMBER
System control number EN-94780
037 ## - SOURCE OF ACQUISITION
Source of stock number/acquisition DBAD/PUB
082 ## - DEWEY DECIMAL CLASSIFICATION NUMBER
Classification number 301.153
245 ## - TITLE STATEMENT
Title Beloved Bapu :
Statement of responsibility, etc edited and introduced by Tridip Suhrud [and] Thomas Weber
Remainder of title the Gandhi-Mirabehn correspondence /
260 ## - PUBLICATION, DISTRIBUTION, ETC. (IMPRINT)
Place of publication, distribution, etc New Delhi
Name of publisher, distributor, etc Orient Blackswan
Date of publication, distribution, etc 2014
270 ## - ADDRESS
Address 1/24, Asaf Ali Road
City New Delhi
Postal code 110002
300 ## - PHYSICAL DESCRIPTION
Extent xiv,537p.
Dimensions 24cm(Hb)
490 ## - SERIES STATEMENT
Series statement Gandhi studies ; edited by Ashis Nandy, Tridip Suhrud [and] Thomas Weber
500 ## - GENERAL NOTE
General note Includes bibliographical references
700 ## - ADDED ENTRY--PERSONAL NAME
Personal name Suhrud, Tridip
700 ## - ADDED ENTRY--PERSONAL NAME
Personal name Weber, Thomas
942 ## - ADDED ENTRY ELEMENTS (KOHA)
Source of classification or shelving scheme Dewey Decimal Classification
Item type English Books
Call number suffix BEL
Classification part 301.153
Holdings
Withdrawn status Lost status Not for loan Collection code Home library Current library Date acquired Source of acquisition Cost, normal purchase price Full call number Barcode Copy number Cost, replacement price Koha item type
    Not For Loan Non-fiction D.B.Act.Division D.B.Act.Division 17/11/2014 DBAD/PUB 950.00 301.153 BEL EN-94780 1 950.00 English Books

© Delhi Public Library
Hit Counter
free hit counter